[Event "German Bundesliga 2021-22"]
[Site "Germany"]
[Date "2022.04.09"]
[Round "3.12"]
[White "Vogel, Roven"]
[Black "Dardha, Daniel"]
[Result "1/2-1/2"]
[WhiteElo "2452"]
[BlackElo "2541"]
[Annotator "RC"]
[PlyCount "64"]
[EventDate "2022.03.05"]
[EventType "team-tourn"]
[EventCountry "GER"]
[SourceTitle "playchess.com"]
[Source "ChessBase"]
[SourceQuality "1"]
[TimeControl "40/5400+30:1800+30"]

1. d4 {[%emt 0:00:00]} Nf6 {[%emt 0:00:00]} 2. c4 {[%emt 0:00:00]} e6 {[%emt 0:00:00]} 3. Nf3 {[%emt 0:00:00]} d5 {[%emt 0:00:00]} 4. Nc3 {[%emt 0:00:00]} c5 {[%emt 0:00:00]} 5. cxd5 {[%emt 0:00:00]} cxd4 {[%emt 0:00:00]} 6. Qxd4 {[%emt 0:00:00]} exd5 {[%emt 0:00:00]} 7. e4 {[%emt 0:00:00]} dxe4 {[%emt 0:00:00]} 8. Qxd8+ {[%emt 0:00:00]} Kxd8 {[%emt 0:00:00]} 9. Ng5 {[%emt 0:00:00]} Be6 {[%emt 0:00:00]} 10. Nxe6+ {[%emt 0:00:00]} fxe6 {[%emt 0:00:00]} 11. Bg5 {[%emt 0:01:40]} Nc6 {[%emt 0:00:00]} 12. Bb5 {[%emt 0:04:16]} Rc8 {[%emt 0:00:00]} 13. O-O {[%emt 0:03:05]} Ke8 {[%emt 0:07:55]} 14. Rad1 {[%emt 0:19:36]} Be7 {[%emt 0:06:05]} 15. Rfe1 {[%emt 0:14:04]} Kf7 {[%emt 0:02:49]} 16. Nxe4 {[%emt 0:01:34]} Nxe4 {[%emt 0:10:49]} 17. Bxe7 {[%emt 0:00:25]} Kxe7 {[%emt 0:16:25]} 18. Rxe4 {[%emt 0:01:58]} Rhd8 {[%emt 0:00:18]} 19. Rde1 {[%emt 0:05:29]} Nd4 {[%emt 0:00:26]} 20. Bd3 {[%emt 0:00:16]} h6 {[%emt 0:01:32]} 21. h4 {[%emt 0:02:33]} g5 {[%emt 0:12:24]} 22. hxg5 {[%emt 0:01:33]} hxg5 {[%emt 0:00:03]} 23. f4 {[%emt 0:00:19]} gxf4 {[%emt 0:04:09]} 24. Rxf4 {[%emt 0:00:06]} Nc2 {[%emt 0:00:41]} 25. Bxc2 {[%emt 0:01:34]} Rxc2 {[%emt 0:00:06]} 26. Rfe4 {[%emt 0:00:58]} Rdd2 {[%emt 0:03:14]} 27. Rxe6+ {[%emt 0:00:08]} Kf7 {[%emt 0:00:16]} 28. Re7+ {[%emt 0:00:15]} Kf6 {[%emt 0:01:01]} 29. R1e6+ {[%emt 0:00:27]} Kf5 {[%emt 0:00:00]} 30. Re5+ {[%emt 0:00:04]} Kf6 {[%emt 0:00:00]} 31. R5e6+ {[%emt 0:00:03]} Kf5 {[%emt 0:00:00]} 32. Re5+ {[%emt 0:00:04]} Kf6 {[%emt 0:00:00]} 1/2-1/2

[Event "German Bundesliga 2021-22"]
[Site "Germany"]
[Date "2022.04.09"]
[Round "3.12"]
[White "Stark, Lars"]
[Black "Heimann, Andreas"]
[Result "0-1"]
[WhiteElo "2386"]
[BlackElo "2581"]
[Annotator "TA"]
[PlyCount "121"]
[EventDate "2022.03.05"]
[EventType "team-tourn"]
[EventCountry "GER"]
[SourceTitle "playchess.com"]
[Source "ChessBase"]
[SourceQuality "1"]
[TimeControl "40/5400+30:1800+30"]

{[%evp 14,121,2,18,27,21,32,40,33,37,41,0,0,8,8,6,4,0,0,0,0,0,0,0,0,0,0,0,0,0,0,0,0,0,0,0,0,0,0,0,0,0,0,0,0,0,0,0,0,0,0,-4,0,0,0,0,0,0,0,0,0,0,8,0,0,-45,-25,-237,-237,-687,-391,-464,0,0,0,0,0,0,0,0,0,0,0,-1993,-2175,-2111,-1862,-2044,-1753,-1645,-1303,-1868,-1593,-29963,-29966,-29969,-29970,-29968,-29969,-29968,-29967,-29969,-29972,-29971,-29972,-29978,-29980,-29980,-29981,-29981]} 1. c4 {[%emt 0:00:00]} Nf6 {[%emt 0:00:00]} 2. Nc3 {[%emt 0:00:00]} e6 {[%emt 0:00:00]} 3. Nf3 {[%emt 0:00:00]} d5 {[%emt 0:00:00]} 4. d4 {[%emt 0:00:00]} Bb4 {[%emt 0:00:00]} 5. e3 {[%emt 0:05:49]} O-O {[%emt 0:00:00]} 6. Bd2 {[%emt 0:00:35]} c5 {[%emt 0:06:53]} 7. a3 {[%emt 0:37:43]} Bxc3 {[%emt 0:00:19]} 8. Bxc3 {[%emt 0:00:24]} Ne4 {[%emt 0:00:06] E51: Nimzo-Indian: Rubinstein: 4...0-0 5 Nf3 d5.} 9. Rc1 {[%emt 0:00:43]} Nxc3 {[%emt 0:00:24]} 10. Rxc3 {[%emt 0:00:18]} cxd4 {[%emt 0:00:09] White is slightly better.} 11. Qxd4 {[%emt 0:06:25]} Nc6 {[%emt 0:00:09]} 12. Qc5 {[%emt 0:00:45]} Ne7 {[%emt 0:23:05] [#]} 13. Be2 $146 {[%emt 0:03:48]} ({Predecessor:} 13. Qd4 b6 14. Bd3 Bb7 15. Qg4 h6 16. O-O dxc4 17. Bxc4 Nd5 18. Rd3 Qf6 19. Qd4 Rac8 20. Rfd1 Qxd4 {½-½ (20) Sterck,A (2316)-Hamblok,R (2261) Roux 2019}) 13... b6 {[%emt 0:03:35]} 14. Qd4 {[%emt 0:00:08]} Bb7 {[%emt 0:00:07]} 15. O-O {[%emt 0:00:44]} dxc4 {[%emt 0:00:30]} 16. Rxc4 {[%emt 0:03:49]} Ba6 {[%emt 0:01:04] And now ...Qxd4 would win.} 17. Rc2 {[%emt 0:00:35]} Bxe2 {[%emt 0:00:06]} 18. Rxe2 {[%emt 0:00:04]} Qc7 {[%emt 0:00:58]} 19. Qa4 {[%emt 0:07:08]} Rac8 {[%emt 0:05:14]} 20. Rd2 {[%emt 0:13:12]} Rfd8 {[%emt 0:00:50] Against Rd7} 21. Rxd8+ {[%emt 0:01:44]} Rxd8 {[%emt 0:00:10]} 22. h3 {[%emt 0:00:15]} Qd7 {[%emt 0:01:03]} 23. Qxd7 {[%emt 0:02:01]} Rxd7 $11 {[%emt 0:00:07][%mdl 4096] Endgame KRN-KRN} 24. Rc1 {[%emt 0:00:10]} f6 {[%emt 0:00:04]} 25. Kf1 {[%emt 0:02:32]} Kf7 {[%emt 0:00:21]} 26. Ke2 {[%emt 0:02:06]} e5 {[%emt 0:00:21]} 27. Nd2 {[%emt 0:03:14]} Ke6 {[%emt 0:17:39]} 28. Ne4 {[%emt 0:01:57]} h6 {[%emt 0:01:04]} 29. Rd1 {[%emt 0:03:26]} Rxd1 {[%emt 0:08:29]} 30. Kxd1 {[%emt 0:00:05] KN-KN} f5 {[%emt 0:00:06]} 31. Nc3 {[%emt 0:00:48]} e4 {[%emt 0:00:04]} 32. Nb5 {[%emt 0:01:16]} Nc6 {[%emt 0:00:31]} 33. Kd2 {[%emt 0:02:25]} g5 {[%emt 0:02:38]} 34. Kc3 {[%emt 0:00:39]} Ke5 {[%emt 0:00:05]} 35. Kc4 {[%emt 0:01:22]} f4 {[%emt 0:01:16]} 36. g3 {[%emt 0:01:17]} f3 {[%emt 0:02:46]} 37. b4 {[%emt 0:00:41]} a6 {[%emt 0:04:04]} 38. Nc3 {[%emt 0:00:22] Black must now prevent b5.} Ne7 {[%emt 0:00:08]} 39. a4 {[%emt 0:00:55]} Nf5 {[%emt 0:00:32]} 40. Nd1 {[%emt 0:00:14]} (40. Nb1 $1 $11 {and White stays safe.}) 40... h5 $19 {[%emt 0:00:47]} 41. g4 $2 {[%emt 0:00:00]} (41. a5 Nd6+ 42. Kb3) 41... Nd6+ {[%emt 0:00:00]} 42. Kb3 {[%emt 0:00:00]} h4 {[%emt 0:00:00]} (42... hxg4 $1 $19 43. hxg4 Ne8) 43. Nc3 $11 {[%emt 0:00:00]} Ne8 {[%emt 0:00:00] Strongly threatening ...Nf6.} 44. Nb1 {[%emt 0:00:00]} Nf6 {[%emt 0:00:00][%cal Of6g4] Hoping for ...Nxg4!} 45. Nd2 $1 {[%emt 0:00:00]} Kd5 {[%emt 0:00:00]} 46. b5 {[%emt 0:05:03]} axb5 {[%emt 0:16:58]} (46... a5 $5 47. Kc3 Kc5 48. Nb3+ Kd5 $11) 47. axb5 {[%emt 0:00:09]} Nd7 {[%emt 0:00:08]} 48. Nc4 $2 {[%emt 0:03:20][%mdl 8192] [#]} (48. Kb2 $11) 48... Nc5+ $1 $19 {[%emt 0:05:15]} 49. Kc3 {[%emt 0:00:07] [#]} Nd3 $1 {[%emt 0:00:13]} 50. Nxb6+ {[%emt 0:00:14]} Kc5 {[%emt 0:00:08]} 51. Nc4 {[%emt 0:02:21]} Nxf2 {[%emt 0:00:08]} 52. b6 {[%emt 0:00:17]} Kc6 {[%emt 0:02:43]} 53. Kd4 {[%emt 0:02:45]} Nxh3 {[%emt 0:05:54] Black mates.} 54. Kxe4 {[%emt 0:03:17]} f2 {[%emt 0:00:42]} 55. Nd2 {[%emt 0:00:07]} Ng1 {[%emt 0:00:03]} 56. Nf1 {[%emt 0:06:06]} h3 {[%emt 0:00:29]} 57. Kd3 {[%emt 0:00:06]} Nf3 {[%emt 0:00:10]} 58. Ke2 {[%emt 0:00:05] [#]} h2 $1 {[%emt 0:00:05]} 59. Nxh2 {[%emt 0:00:04]} (59. Ng3 Nd2) 59... Nxh2 {[%emt 0:00:04]} 60. Kxf2 {[%emt 0:00:02]} Nxg4+ {[%emt 0:00:28]} 61. Ke2 {Weighted Error Value: White=0.54/Black=0.14 (very precise)} 0-1

[Event "German Bundesliga 2021-22"]
[Site "Germany"]
[Date "2022.04.09"]
[Round "3.13"]
[White "Fedorchuk, Sergey A."]
[Black "Georgiadis, Nico"]
[Result "1/2-1/2"]
[WhiteElo "2605"]
[BlackElo "2562"]
[Annotator "TA"]
[PlyCount "95"]
[EventDate "2022.03.05"]
[EventType "team-tourn"]
[EventCountry "GER"]
[SourceTitle "playchess.com"]
[Source "ChessBase"]
[SourceQuality "1"]
[TimeControl "40/5400+30:1800+30"]

{[%evp 12,95,13,12,15,18,23,14,16,7,9,0,0,-14,0,-14,-6,-14,-14,-11,-10,-13,0,0,0,0,0,-29,0,0,15,17,14,0,0,0,0,0,0,0,0,6,4,5,16,16,18,22,29,29,52,31,98,98,88,88,199,181,170,158,158,116,131,131,122,112,302,60,52,0,0,0,0,0,0,0,0,0,8,0,0,0,0,0,0,0]} 1. e4 {[%emt 0:00:00]} e5 {[%emt 0:00:00]} 2. Nf3 {[%emt 0:00:00]} Nc6 {[%emt 0:00:00]} 3. Bc4 {[%emt 0:00:00]} Bc5 {[%emt 0:00:00]} 4. d3 {[%emt 0:00:00]} Nf6 {[%emt 0:00:00]} 5. O-O {[%emt 0:00:00]} d6 {[%emt 0:00:00]} 6. c3 {[%emt 0:00:00]} O-O {[%emt 0:00:00]} 7. Re1 {[%emt 0:00:01]} a5 {[%emt 0:00:00] C54: Giuoco Piano: 4 c3 Nf6, main lines with 5 d4 and 5 d3.} 8. h3 {[%emt 0:06:42]} Be6 {[%emt 0:00:00][%cal Of6e4]} 9. Bb5 {[%emt 0:05:03]} Ba7 {[%emt 0:00:00]} 10. Nbd2 {[%emt 0:25:30]} Ne7 {[%emt 0:00:00]} 11. Nf1 {[%emt 0:00:40]} Ng6 {[%emt 0:02:51]} 12. Ng3 {[%emt 0:00:23]} c6 {[%emt 0:07:14]} 13. Ba4 {[%emt 0:00:56]} d5 {[%emt 0:21:45]} 14. exd5 {[%emt 0:14:53]} (14. Bb3 {is more complex.} Re8 15. Bg5 h6 16. Bxf6 Qxf6 17. d4) 14... Nxd5 {[%emt 0:01:08][%cal Bf6d5,Bd5f4,Bf4d3][%mdl 32]} ({But not} 14... Qxd5 15. Bb3 Qd6 16. Bxe6 fxe6 17. Bg5 $14) 15. d4 {[%emt 0:00:58]} exd4 {[%emt 0:07:43]} 16. Nxd4 {[%emt 0:00:08]} Bxd4 {[%emt 0:15:25]} 17. Qxd4 {[%emt 0:02:54]} Ndf4 {[%emt 0:00:51] [#] Inhibits Nh5.} 18. Re4 $146 {[%emt 0:14:53]} ({Predecessor:} 18. Qxd8 Rfxd8 19. Bc2 Nd3 20. Bxd3 Rxd3 21. Be3 Rd7 22. Ne4 Bd5 23. Nc5 Re7 24. b3 {½-½ (33) Mamedov,R (2673)-Ganguly,S (2617) Riga 2021}) 18... Nd3 {[%emt 0:03:09]} 19. Bb3 {[%emt 0:01:41]} Qxd4 {[%emt 0:16:36]} 20. Rxd4 {[%emt 0:00:16]} Rfd8 {[%emt 0:05:51]} 21. Rxd8+ {[%emt 0:09:17]} Rxd8 {[%emt 0:00:05]} 22. Bg5 {[%emt 0:00:38]} Re8 {[%emt 0:00:56]} 23. Bxe6 {[%emt 0:03:47]} Rxe6 {[%emt 0:00:06]} 24. Rd1 {[%emt 0:01:40]} h6 {[%emt 0:07:47]} 25. Rxd3 {[%emt 0:07:24]} hxg5 $11 {[%emt 0:00:05][%mdl 4096] Endgame KRN-KRN} 26. Rd8+ {[%emt 0:00:09]} Kh7 {[%emt 0:03:44]} 27. Kf1 {[%emt 0:00:31] Against Re1+} b5 {[%emt 0:02:31]} 28. Nf5 {[%emt 0:01:50]} Ne5 {[%emt 0:01:46]} 29. b3 {[%emt 0:01:18]} g4 {[%emt 0:00:56]} 30. hxg4 {[%emt 0:02:57]} Nxg4 {[%emt 0:00:04]} 31. Rd6 {[%emt 0:00:30]} (31. Nd4 $5 {[%cal Rd4e6]} Rf6 32. f3 $11) 31... Rxd6 {[%emt 0:02:06]} ({Black should try} 31... Re5 $1 $14 32. Ng3 Re6) 32. Nxd6 $14 {[%emt 0:00:02] KN-KN} Kg6 {[%emt 0:00:09]} 33. c4 {[%emt 0:00:16]} b4 {[%emt 0:03:23]} (33... Kf6 $16 {was called for.}) 34. Nb7 $18 {[%emt 0:00:16]} Kf5 {[%emt 0:00:13]} 35. Nxa5 {[%emt 0:00:40]} Ne5 {[%emt 0:00:05]} 36. Ke2 {[%emt 0:00:51]} Ke4 {[%emt 0:00:25]} 37. Nb7 $1 {[%emt 0:00:50]} Kd4 {[%emt 0:00:32] [#]} 38. Kd2 $1 {[%emt 0:00:44]} g6 $2 {[%emt 0:01:32] [#]} (38... g5 $16) 39. Nd6 $2 {[%emt 0:00:29]} (39. f3 $1 $18 f6 40. Nd8) 39... f5 $14 {[%emt 0:00:17]} 40. Nc8 {[%emt 0:00:29]} (40. Nb7 $14) 40... f4 $11 {[%emt 0:00:29] The position is equal.} 41. Nd6 {[%emt 0:30:49]} f3 {[%emt 0:00:00]} 42. gxf3 {[%emt 0:00:00]} Nxf3+ {[%emt 0:00:00]} 43. Ke2 {[%emt 0:00:00]} Ng1+ {[%emt 0:00:00]} 44. Kf1 {[%emt 0:00:00]} Nf3 {[%emt 0:00:00]} 45. Ke2 {[%emt 0:00:00]} Ng1+ {[%emt 0:00:00]} 46. Kd2 {[%emt 0:00:00]} Nf3+ {[%emt 0:00:00]} 47. Kc2 {[%emt 0:00:00]} Ne1+ {[%emt 0:00:00]} 48. Kd2 {[%emt 0:00:00] Black escapes into a draw.  Weighted Error Value: White=0.16 (very precise) /Black=0.11 (very precise)} 1/2-1/2

[Event "German Bundesliga 2021-22"]
[Site "Germany"]
[Date "2022.04.09"]
[Round "3.13"]
[White "Zilka, Stepan"]
[Black "Coenen, Michael"]
[Result "1-0"]
[WhiteElo "2599"]
[BlackElo "2326"]
[Annotator "TA"]
[PlyCount "76"]
[EventDate "2022.03.05"]
[EventType "team-tourn"]
[EventCountry "GER"]
[SourceTitle "playchess.com"]
[Source "ChessBase"]
[SourceQuality "1"]
[TimeControl "40/5400+30:1800+30"]

{[%evp 20,76,22,24,26,33,23,0,0,0,4,0,0,0,0,0,0,0,0,0,0,0,35,29,30,21,24,8,14,11,10,9,15,0,0,0,0,0,0,0,0,0,0,1,17,15,172,170,164,104,121,95,127,127,297,288,275,252,632]} 1. e4 {[%emt 0:00:00]} c5 {[%emt 0:00:00]} 2. Nf3 {[%emt 0:00:00]} e6 {[%emt 0:00:00]} 3. d4 {[%emt 0:00:00]} cxd4 {[%emt 0:00:00]} 4. Nxd4 {[%emt 0:00:00]} Nc6 {[%emt 0:00:00]} 5. Nc3 {[%emt 0:00:00]} Qc7 {[%emt 0:00:00]} 6. Be3 {[%emt 0:00:00]} a6 {[%emt 0:00:00]} 7. a3 {[%emt 0:00:00]} Nf6 {[%emt 0:00:00]} 8. f4 {[%emt 0:00:00]} d6 {[%emt 0:00:00]} 9. Qf3 {[%emt 0:00:00]} Be7 {[%emt 0:00:00]} 10. Bd3 {[%emt 0:00:00]} O-O {[%emt 0:00:10]} 11. O-O {[%emt 0:00:00]} Nxd4 {[%emt 0:03:16] B48: Sicilian: Taimanov: 5 Nc3 Qc7 6 Be3 a6 without Be2.} 12. Bxd4 {[%emt 0:00:00]} e5 {[%emt 0:00:27]} 13. fxe5 $5 {[%emt 0:03:50][%mdl 4] An interesting side line.} dxe5 {[%emt 0:00:05] The position is equal.} 14. Qg3 {[%emt 0:00:19]} Bc5 {[%emt 0:00:15]} 15. Bxc5 {[%emt 0:00:10]} Qxc5+ {[%emt 0:00:04]} 16. Kh1 {[%emt 0:00:06]} Qe7 {[%emt 0:16:20] [#]} 17. Nd5 $146 {[%emt 0:00:21]} ({Predecessor:} 17. Rae1 Bd7 18. Re3 Be6 19. Ree1 Nd7 20. Nd5 Bxd5 21. exd5 Rac8 22. Bf5 g6 23. c3 {½-½ (41) Campos Jimenez,A (2373)-Morales Romero,P (2323) Mayabeque 2019}) 17... Nxd5 {[%emt 0:00:11]} 18. exd5 {[%emt 0:00:02]} Bd7 {[%emt 0:10:20]} 19. Rae1 {[%emt 0:15:08]} Rae8 {[%emt 0:01:24]} 20. c4 {[%emt 0:00:16]} a5 {[%emt 0:12:02]} 21. b4 {[%emt 0:07:52]} axb4 {[%emt 0:04:32]} 22. axb4 {[%emt 0:00:05]} b6 {[%emt 0:11:14] Against c5} (22... f5 23. c5 $16) 23. Qe3 {[%emt 0:04:57]} Qxb4 {[%emt 0:00:36][%cal Oe5e4]} 24. Rb1 {[%emt 0:00:04]} (24. Qe4 f5 25. Qh4 e4 $17) 24... Qc5 {[%emt 0:00:07]} 25. Rfe1 $40 {[%emt 0:00:06][%mdl 128] White attacks.} (25. Qe4 f5 26. Qe1 e4 $17) 25... e4 {[%emt 0:08:17]} 26. Qxc5 {[%emt 0:07:50]} (26. Bxe4 $2 Qxe3 27. Rxe3 f5 $19) 26... bxc5 {[%emt 0:00:04]} 27. Rxe4 {[%emt 0:00:40]} Rxe4 {[%emt 0:07:21]} 28. Bxe4 $11 {[%emt 0:00:05][%mdl 4096] Endgame KRB-KRB} Re8 {[%emt 0:00:07]} 29. Bd3 {[%emt 0:03:59]} Kf8 {[%emt 0:01:52]} 30. Kg1 {[%emt 0:00:25]} (30. Bxh7 g6 31. Kg1 Re4 $19) 30... Re3 {[%emt 0:05:04]} 31. Rb3 {[%emt 0:00:46]} ({But not} 31. Bxh7 g6 32. Rb7 Bf5 $15) 31... Re1+ {[%emt 0:01:35]} 32. Kf2 {[%emt 0:00:16]} Rc1 {[%emt 0:00:04] [#]} (32... Re5 $11) 33. Rb7 $1 $18 {[%emt 0:02:40]} Ke8 {[%emt 0:04:57] [#]} 34. Rc7 {[%emt 0:16:26]} ({Weaker is} 34. Bxh7 Rxc4 35. Bg8 Ke7 $11) (34. d6 $1 $18 {Threatening mate with Rb8+.} f5 35. Rc7) 34... Rc3 {[%emt 0:01:11]} 35. Be2 {[%emt 0:01:14] &Bianco is more active.} ({Of course not} 35. Bxh7 $6 Rxc4 36. Ke3 Rh4 $11) 35... Ra3 {[%emt 0:02:22]} 36. Rxc5 {[%emt 0:01:12] Strongly threatening Rc7.} Ke7 $2 {[%emt 0:00:20]} (36... Ra2 $16 {was worth a try.}) 37. Rc7 {[%emt 0:00:59]} Kd6 {[%emt 0:01:14]} 38. Rb7 {[%emt 0:00:02][%cal Oc4c5] Hoping for c5+!} f5 $2 {[%emt 0:01:03] Weighted Error Value: White=0.05 (flawless) /Black=0.23 (precise)} (38... Be8 39. Rb8 Bd7) 1-0

[Event "German Bundesliga 2021-22"]
[Site "Germany"]
[Date "2022.04.09"]
[Round "3.13"]
[White "Novikov, Igor"]
[Black "Boensch, Uwe"]
[Result "1-0"]
[WhiteElo "2551"]
[BlackElo "2494"]
[Annotator "RC"]
[PlyCount "123"]
[EventDate "2022.03.05"]
[EventType "team-tourn"]
[EventCountry "GER"]
[SourceTitle "playchess.com"]
[Source "ChessBase"]
[SourceQuality "1"]
[TimeControl "40/5400+30:1800+30"]

1. d4 {[%emt 0:00:00]} Nf6 {[%emt 0:00:00]} 2. c4 {[%emt 0:00:00]} e6 {[%emt 0:00:00]} 3. Nf3 {[%emt 0:00:00]} d5 {[%emt 0:00:00]} 4. Nc3 {[%emt 0:00:00]} h6 {[%emt 0:00:00]} 5. Bf4 {[%emt 0:00:00]} c5 {[%emt 0:00:00]} 6. e3 {[%emt 0:04:00]} cxd4 {[%emt 0:00:00]} 7. exd4 {[%emt 0:05:19]} Nc6 {[%emt 0:00:00]} 8. a3 {[%emt 0:02:03]} a6 {[%emt 0:04:26]} 9. c5 {[%emt 0:12:15]} g5 {[%emt 0:01:35]} 10. Bg3 {[%emt 0:22:12]} Ne4 {[%emt 0:02:28]} 11. Ne5 {[%emt 0:05:54]} Nxg3 {[%emt 0:06:16]} 12. Nxc6 {[%emt 0:00:15]} bxc6 {[%emt 0:00:26]} 13. hxg3 {[%emt 0:00:18]} Bg7 {[%emt 0:05:44]} 14. Qd2 {[%emt 0:03:18]} e5 {[%emt 0:08:41]} 15. dxe5 {[%emt 0:01:41]} Bxe5 {[%emt 0:02:53]} 16. O-O-O {[%emt 0:04:06]} Qf6 {[%emt 0:04:50]} 17. Na4 {[%emt 0:04:25]} O-O {[%emt 0:14:49]} 18. Bd3 {[%emt 0:00:19]} Bg4 {[%emt 0:04:35]} 19. Rdf1 {[%emt 0:07:23]} Kg7 {[%emt 0:02:18]} 20. f3 {[%emt 0:02:45]} Be6 {[%emt 0:09:20]} 21. f4 {[%emt 0:01:41]} Bd4 {[%emt 0:00:07]} 22. Rh5 {[%emt 0:09:02]} g4 {[%emt 0:13:40]} 23. f5 {[%emt 0:00:24]} Bd7 {[%emt 0:00:18]} 24. Rf4 {[%emt 0:00:29]} Rh8 {[%emt 0:00:24]} 25. Rxg4+ {[%emt 0:01:33]} Kf8 {[%emt 0:00:01]} 26. Bc2 {[%emt 0:02:53]} Be5 {[%emt 0:00:32]} 27. Rgh4 {[%emt 0:00:28]} Rb8 {[%emt 0:03:59]} 28. Nb6 {[%emt 0:02:07]} Bxb2+ {[%emt 0:00:40]} 29. Kd1 {[%emt 0:00:08]} Ke7 {[%emt 0:06:12]} 30. Rxh6 {[%emt 0:01:35]} Rxh6 {[%emt 0:01:09]} 31. Rxh6 {[%emt 0:00:05]} Qg7 {[%emt 0:04:28]} 32. Qf4 {[%emt 0:01:34]} Qd4+ {[%emt 0:01:16]} 33. Qxd4 {[%emt 0:00:25]} Bxd4 {[%emt 0:00:01]} 34. Nxd7 {[%emt 0:01:30]} Kxd7 {[%emt 0:00:07]} 35. Rd6+ {[%emt 0:00:05]} Ke7 {[%emt 0:04:30]} 36. Rxc6 {[%emt 0:00:06]} Rg8 {[%emt 0:00:43]} 37. Bb3 {[%emt 0:02:17]} Rxg3 {[%emt 0:00:48]} 38. Bxd5 {[%emt 0:00:24]} Rxa3 {[%emt 0:00:45]} 39. Rc7+ {[%emt 0:01:16]} Kf6 {[%emt 0:00:17]} 40. c6 {[%emt 0:01:51]} Kxf5 {[%emt 0:01:07]} 41. Rxf7+ {[%emt 0:30:56]} Kg6 {[%emt 0:30:21]} 42. Kd2 {[%emt 0:00:00]} Ra5 {[%emt 0:00:00]} 43. Rd7 {[%emt 0:00:00]} Be5 {[%emt 0:00:00]} 44. Kd3 {[%emt 0:00:00]} Rc5 {[%emt 0:00:00]} 45. Ke4 {[%emt 0:00:00]} Bg3 {[%emt 0:00:00]} 46. Rd8 {[%emt 0:00:00]} Kf6 {[%emt 0:00:00]} 47. Rg8 {[%emt 0:00:00]} Be1 {[%emt 0:00:00]} 48. g4 {[%emt 0:00:00]} Bh4 {[%emt 0:00:00]} 49. Rf8+ {[%emt 0:00:00]} Kg7 {[%emt 0:00:00]} 50. Rf3 {[%emt 0:00:00]} Bf6 {[%emt 0:00:00]} 51. Rf5 {[%emt 0:00:00]} a5 {[%emt 0:00:00]} 52. g5 {[%emt 0:00:00]} Bc3 {[%emt 0:00:00]} 53. Rf7+ {[%emt 0:03:11]} Kg6 {[%emt 0:00:00]} 54. Rd7 {[%emt 0:00:35]} a4 {[%emt 0:00:00]} 55. c7 {[%emt 0:04:49]} a3 {[%emt 0:00:47]} 56. Bf7+ {[%emt 0:00:08]} Kg7 {[%emt 0:00:42]} 57. Bd5+ {[%emt 0:00:58]} Kg6 {[%emt 0:00:10]} 58. Kf4 {[%emt 0:01:19]} Bd2+ {[%emt 0:03:55]} 59. Kg4 {[%emt 0:00:06]} Bxg5 {[%emt 0:00:12]} 60. Rd6+ {[%emt 0:00:18]} Bf6 {[%emt 0:01:06]} 61. Bc6 {[%emt 0:00:17]} Rc4+ {[%emt 0:00:49]} 62. Kf3 {[%emt 0:00:19]} 1-0